000 00864nam a2200241Ia 4500
003 OSt
005 20220923215409.0
006 a|||||r|||| 00| 0
007 ta
008 220922b |||||||| |||| 00| 0 hin d
024 _a178,353
037 _cTextual
040 _aARTS
_cARTS
_bhin
041 _2hin
_ahin
082 _aO152,1M5:g, N3
100 _aमेहता, रामनाथ
_9156318
245 0 _aहिन्दी के रीतिग्रंन्थों का काव्यशास्त्रीय विवेचन
246 _aHindī ke rītigrannthoan kā kāvyashāstrīya vivechana
260 _aनई दिल्ली
_b नेशनल पब्लि
_c1993
300 _a275 पृ.
_ccm.
942 _hO152,1M5:g, N3
_cTEXL
_2CC
999 _c331735
_d331735